Normal view MARC view

Entry Personal Name

Number of records used in: 1

001 - CONTROL NUMBER

  • control field: 57571

003 - CONTROL NUMBER IDENTIFIER

  • control field: OSt

005 - DATE AND TIME OF LATEST TRANSACTION

  • control field: 20251024164745.0

008 - FIXED-LENGTH DATA ELEMENTS

  • fixed length control field: 251024|| aca||aabn | a|a d

040 ## - CATALOGING SOURCE

  • Original cataloging agency: OSt
  • Transcribing agency: OSt

100 ## - HEADING--PERSONAL NAME

  • Personal name: Sharma, Akhilesh Kumar and Rai, Sushil Kumar

670 ## - SOURCE DATA FOUND

  • Source citation: Work cat.: (OSt)527411: Sharma, Akhilesh Kumar and Rai, Sushil Kumar , Covid-19 and sectoral employment in India: Impact and implications

Powered by Koha